000
00365nam a2200145Ia 4500
008
230718s9999 xx 000 0 und d
041
_a
Eng.
082
_a
55602
_b
سیر-ت
100
_a
سیر، ابو ہاشم ندوی
245
0
_a
ترک تمبوری
260
_a
Pakistan
_b
سنگ میل پلی سر
_c
2001
300
_a
152
650
_a
Law
999
_c
28814
_d
28814